| 000 | 00598cam a22002053a 4500 | ||
|---|---|---|---|
| 001 | 44512 | ||
| 003 | PGUSA | ||
| 005 | 20140828084021.0 | ||
| 008 | 131225s2013||||xxu|||||s|||||000 | eng d | ||
| 040 |
_aPGUSA _beng |
||
| 042 | _adc | ||
| 100 | 1 |
_aUnamuno, Miguel de, _d1864-1936 |
|
| 245 | 1 | 0 |
_aAbel Sánchez : _bUna Historia de Pasión _h[electronic resource] / _cMiguel de Unamuno |
| 260 |
_bProject Gutenberg, _c2013 |
||
| 506 | _aPublic domain in the USA. | ||
| 516 | _aElectronic text | ||
| 830 | 0 |
_aProject Gutenberg _v44512 |
|
| 856 | 4 | 0 | _uhttp://www.gutenberg.org/ebooks/44512 |
| 942 | _cEB | ||
| 999 |
_c273763 _d273763 |
||